000 01441cam a2200385 a 4500
001 14750372
003 NUST
005 20220509163408.0
008 070227s2007 mau 000 1 eng
010 _a 2007008522
020 _a9780618883424
020 _a0618883428
035 _a(OCoLC)ocm85822520
035 _a(OCoLC)85822520
038 _awaseem
040 _aDLC
_cDLC
_dBTCTA
_dBAKER
_dC#P
_dYDXCP
_dDLC
043 _an-usn--
050 0 0 _aPS3501.U25
_bH43 2007
082 0 0 _a813.54
_bAUC
100 1 _aAuchincloss, Louis.
_991420
245 1 4 _aThe headmaster's dilemma /
_cLouis Auchincloss.
260 _aBoston :
_bHoughton Mifflin,
_c2007.
300 _a177 p. ;
_c22 cm.
563 _aHBK.
650 0 _aSchool principals
_vFiction.
_991421
650 0 _aPreparatory schools
_vFiction.
_911948
651 0 _aNew England
_vFiction.
_911599
655 0 _aPsychological fiction.
856 4 2 _3Publisher description
_uhttp://www.loc.gov/catdir/enhancements/fy0728/2007008522-d.html
856 4 2 _3Contributor biographical information
_uhttp://www.loc.gov/catdir/enhancements/fy0736/2007008522-b.html
856 4 1 _3Sample text
_uhttp://www.loc.gov/catdir/enhancements/fy0905/2007008522-s.html
906 _a7
_bcbc
_corignew
_d1
_eecip
_f20
_gy-gencatlg
942 _2ddc
_cBK
999 _c589548
_d589548